Quizzes
Events
Quiz Creation
Community
Videos
Private Events
Remove Ads
Sign In
Join for FREE
Feedback
Dark Mode
Quiz Categories
Sports
Geography
Music
Movies
Television
Just For Fun
Miscellaneous
History
Literature
Language
Science
Gaming
Entertainment
Religion
Holiday
For Kids
Quiz Lab
Recent
Popular Today
Quiz Kudos Today
Editor Picks
Curator Picks
Quizzes by...
Day
Popularity
Type
Ratings
Length
Year
Community
Subscriptions
Recent Discussions
Orange Saloon
Badges
Playlists
Quests
Create
Leaderboards
Showdown
Live 5
Trivia Bingo
Activity
Puzzle Library
Sporcle Events
Private Events
Virtual Trivia
Globe League
Become a Host
Pub Owners
SporcleCon
Opinionation
Our Games
Videos
Blog
Mobile Apps
Partnerships
Remove Ads and Go Orange
Feedback
Literature
Harry Potter
A Song of Ice and Fire
The Hunger Games
Literary Character
Shakespeare
Book
Author
Novel
Poem
Young Adult
Children's Books
Play
Lord of the Rings
Literature
Harry Potter
A Song of Ice and Fire
The Hunger Games
Literary Character
Shakespeare
Book
Author
Novel
Poem
Young Adult
Children's Books
Play
Lord of the Rings
Random Quiz
Search Sporcle
×
Quiz Lab
Quiz Lab
Literature
Harry Potter
Type in answers that appear in a list
Type in answers that appear in a list
Classic
Best Score? Go Orange.
Harry Potter Characters A-Z Stats
Can you name the Harry Potter character?
By
grindelwald
6m
26 Questions
102 Plays
102 Plays
102 Plays
Comments
Comments
Give Quiz Kudos
Give Quiz Kudos
-
- Ratings
hide this ad
More Info
Replay
Link that replays current quiz
Next Quiz
Link to next quiz in quiz playlist
You Got
0%
They Got
Avg Score
72%
Avg Friend Score
Upgrade to see
Score Distribution
Jump to the score distribution portion of the page
Score
0/26
Timer
06:00
0
Plays Today
Description
Character
% Correct
Works with dragons
Charlie Weasley
95.1%
Father of Triwizard tournament champion
Amos Diggory
90.2%
Hogwarts high inquisitor
Dolores Umbridge
88.2%
Gryffindor quidditch team captain
Oliver Wood
88.2%
Creator of puking pastilles
Fred Weasley
84.3%
Unwilling servant of Sirius Black
Kreacher
83.3%
Ron's first girlfriend
Lavender Brown
83.3%
Inhabitant of 4 Privet Drive
Vernon Dursley
83.3%
The Knight Bus conductor
Stan Shunpike
82.4%
Elf who doesn't suit freedom
Winky
82.4%
Hogwarts keeper of the keys
Rubeus Hagrid
81.4%
Editor of The Quibbler
Xenophilius Lovegood
81.4%
Hufflepuff prefect -
book 5
Ernie Macmillan
80.4%
Description
Character
% Correct
Deathly Hallows -
Harry's ancestor
Ignotus Peverell
78.4%
Minister for Magic -
book 7
Pius Thicknesse
77.5%
Ends up marrying Neville Longbottom
Hannah Abbott
75.5%
Petrified by the Basilisk
Justin Finch-Fletchley
75.5%
Owner of the Philiosopher's stone
Nicolas Flamel
75.5%
Fights Hermione at duelling club
Millicent Bulstrode
73.5%
Speaks with a stutter
Quirinus Quirrell
68.6%
Captain of the Holyhead Harpies
Gwenog Jones
67.6%
Sends his own son to Azkaban
Barty Crouch Sr
56.9%
Member of DA
Zacharias Smith
55.9%
Lord Voldemort's father
Tom Riddle Sr
52%
Medieval wizard, on chocolate frog cards
Uric the Oddball
19.6%
Serial goblin killer
Yardley Platt
2%
Quiz Playlist
Details
Report
Send in Message
Add To Playlist
More Info:
Letter matches the character's first name.
Classic:
Type in answers that appear in a list
Last Updated: Feb 16, 2017
Quiz Scoreboard
CHALLENGE
Sign Up to Join the Scoreboard
Show All
Scores
Hide
Comments
May contain spoilers
Recently Published
Alphabetical 'K' Countries by Flag Minefield
by ylime102
Geography
3m
Pick 6: Fruits
by JohnFran
Miscellaneous
15s
Click the 1999 NBA Draft
by nibperrychub
Sports
2m
More to Explore
Quiz From the Vault
Featured Blog Post
15 Basketball Trivia Facts You Can Be March Mad About
hide this ad
You Might Also Like...
Tags
Harry Potter Quiz
A-Z
Today's Top Quizzes in Literature
Browse Literature
hide this ad
Today's Top Quizzes in Harry Potter
Browse Harry Potter
Top Contributed Quizzes in Literature
1
Season Plays
2
Harry Potter Characters: Logic Puzzle
3
Pick 3: Harry Potter Hogwarts Quidditch Players
4
Harry Potter Logic Quiz New
5
4-to-1 Blitz: Harry Potter
6
Word Ladder: King's 'The Stand'
7
Spring Reading List
8
A Court of Thorns and Roses (ACoTaR) Criteria Quiz
9
Chronology: Percy Jackson - Character deaths
10
percy jackson logic puzzle
Explore More
Trending Topics
NBA
Kpop
Marvel
Anime
Crossword
Disney
Harry Potter
Song
Puzzle
NFL
Soccer
WWE
The Office
Pokémon
Country
hide this ad
More By:
grindelwald
Quiz
Plays
Rating
Category
Featured
Created
Harry Potter Characters A-Z
102
4.00
Literature
Dec 12, 2011
Harry Potter Incantations A-Z
66
5.00
Literature
Mar 6, 2012
Go to Creator's Profile
Score Distribution
Quiz Creator Spotlight
grindelwald
Follow
Send a Message
Quizzes Created
-
Created Quiz Play Count
-
More By This Creator
Popular Quizzes Today
1
Countries of Asia Without Outlines Minefield
2
Find the US States - No Outlines Minefield
3
Pick 6: Fruits
4
Alphabetical 'K' Countries by Flag Minefield
5
The Countries of the World
6
Find the US States
7
US States
8
Match the Book to the Film X
More Literature Quizzes
One Novel Wonders
Published
Trending Quizzes
Pick 6: Harry Potter
Pick 6: Mountains
Pick 6: NFL Teams
Pick 6: Flags
Pick 6: Movie Franchises
Recently Updated
NWSL Teams
pecheneg
Women's Final Four Teams by Year
bhenderson79
Presidents Quartet II
eogle
Anything But Clue(do)
eogle
Anything But Oceanian Capitals
eogle
Anything But 7
eogle
Anything But Thing
eogle
Word Ladder: February 29
pecheneg
Song Title Questions
pecheneg
Women's NCAA Tournament #1 Seeds
pecheneg
Trending Topics
Anime
Kpop
Crossword
Disney
Harry Potter
Marvel
NBA
Pokémon
Song
Puzzle
Soccer
The Office
WWE
Country
NFL
Your Account Isn't Verified!
In order to create a playlist on Sporcle, you need to verify the email address you used during registration. Go to your
Sporcle Settings
to finish the process.
Report this User
Report this user for behavior that violates our
Community Guidelines
.
Details:
Send Report
Go to the Sporcle.com Mobile Site →
Comments